LDR 01717namaa2200373 i 4500 001 000000178692 003 CaOOAMICUS 005 20260430113658.0 007 tu 008 260430s2025 it 000 u ita r 020 $a978-88-5529-608-3* 040 $aPUL$bita$erda 082 0 $a221.44 100 1 $aVoltaggio, Francesco Giosuè,$d1974-,$eautore.$0(OLS)http://pul/name/69625 245 10$aAmerai il prossimo tuo, come te :$binterpretazioni ebraiche e cristiane di kamòkha («come te») in Lv 19,18 / $cFrancesco Giosuè Voltaggio ; prefazione di Francesco Paolo Ciglia. 264 1$aRoma :$bInschibboleth,$c2025. 264 4$c©2025. 300 $a119 pagine ;$c21 cm 336 $atesto$btxt$2rdacontent 337 $asenza mediazione$bn$2rdamedia 338 $avolume$bnc$2rdacarrier 490 1 $aKamòkha/Come te stesso ;$v1 504 $aBibliografia (pagine 113-116) e indici. 700 1 $aCiglia, Francesco Paolo,$d1952-,$eautore di introduzione.$0(OLS)http://pul/name/41064 830 0$aKamòkha/$pCome te stesso ;$v1.$0(OLS)http://pul/title/220268 850 $aPUL 852 $aPUL$W1$xDP2 Religione 3$y114$m221. 44 VOLFR 1$j202475$qDDC 21$B207885$CPULBib$Z2$F207885 $H138566 $82 941 1 $a9 996 $6020$a978-88-5529-608-3*$9(OLS)http://pul/number/170951 996 $6082$a221.44$9(OLS)http://pul/classification/3677 996 $6245$aAmerai il prossimo tuo, come te :$binterpretazioni ebraiche e cristiane di kamòkha («come te») in Lv 19,18 / $9(OLS)http://pul/title/220267 996 $6264$aRoma :$bInschibboleth$9(OLS)http://pul/publisher/87194 996 $6264$a[S.l.] :$b[s.n.]$9(OLS)http://pul/publisher/0